Statistics for 1980s Albums Quiz

Click here to take the quiz!

General Stats

  • This quiz has been taken 18,830 times
  • The average score is 11 of 20

Answer Stats

YearAlbumArtist or Group% Correct
1982ThrillerMichael Jackson
100%
1984Like a VirginMadonna
95%
1984Purple RainPrince
93%
1984Born in the U.S.A.Bruce Springsteen
92%
1980Back in BlackAC/DC
83%
1987The Joshua TreeU2
75%
1987Appetite for DestructionGuns N' Roses
65%
1986Master of PuppetsMetallica
58%
1986Slippery When WetBon Jovi
57%
1982RioDuran Duran
55%
1986GracelandPaul Simon
53%
1988Straight Outta ComptonN.W.A.
53%
1983SynchronicityThe Police
47%
1985No Jacket RequiredPhil Collins
42%
1983She's So UnusualCyndi Lauper
28%
1989Paul's Boutique Beastie Boys
26%
1984Stop Making SenseTalking Heads
25%
1987DocumentR.E.M.
24%
1983Texas FloodStevie Ray Vaughan
20%
1988Daydream NationSonic Youth
12%

Score Distribution

Percentile by Number Answered

Percent of People with Each Score

Your Score History

You have not taken this quiz